Loreto College Library, Kolkata
WEBOPAC (ONLINE PUBLIC ACCESS CATALOGUE)

Southern festival (Record no. 21042)

MARC details
000 -LEADER
fixed length control field 00552nam a2200181Ia 4500
005 - DATE AND TIME OF LATEST TRANSACTION
control field 20260525150330.0
008 - FIXED-LENGTH DATA ELEMENTS--GENERAL INFORMATION
fixed length control field 131103s9999 xx 000 0 und d
040 ## - CATALOGING SOURCE
Original cataloging agency Loreto College
041 ## - LANGUAGE CODE
Language code English
082 ## - DDC | ডিউই
Classification number | বর্গসংখ্যা 820.8A
Book Number | গ্রন্থাঙ্ক SOU
245 ## - TITLE STATEMENT | অাখ্যা বিবরণী
Title | অাখ্যা Southern festival
Sub title | উপঅাখ্যা a collection of South Australian writing
Statement of responsibility | লেখকের দায়িত্বের বিবরণ Complied by The S.A.Fellowship of Australian writers
260 ## - IMPRINT | প্রকাশনা ক্ষেত্র
Place of publication | প্রকাশ স্থান Adelaide
Name of publisher | প্রকাশকের নাম RIGBY
Date of publication | প্রকাশ কাল [19-?]
300 ## - PHYSICAL DESCRIPTION |
Page / Vol. No | পৃষ্ঠা / খন্ড সংখ্যা xi,208p.
504 ## - BIBLIOGRAPHY, ETC. NOTE
Bibliography, etc Includes bibliographies
650 ## - SUBJECT ADDED ENTRY--TOPICAL TERM | বিষয় শিরোনাম - মূল বিষয়
Topical term | মূল বিষয় Austrilian literatuure - Collections
850 ## - HOLDING INSTITUTION
Holding institution LCLIB
942 ## - ADDED ENTRY ELEMENTS (KOHA)
Koha item type Books
Holdings
Withdrawn status Lost status Source of classification Damaged status Not for loan Home library Current library Date acquired Total Checkouts Full call number Accession No. Date last seen Price effective from Koha item type Coded location qualifier
    Dewey Decimal Classification     Loreto College Loreto College 04/11/2013   820.8A SOU 15451 B23098 04/11/2013 04/11/2013 Books